<?xml version="1.0" encoding="UTF-8"?>
<record
    xmlns:xsi="http://www.w3.org/2001/XMLSchema-instance"
    xsi:schemaLocation="http://www.loc.gov/MARC21/slim http://www.loc.gov/standards/marcxml/schema/MARC21slim.xsd"
    xmlns="http://www.loc.gov/MARC21/slim">

  <leader>01040nam2a2200265   4500</leader>
  <controlfield tag="001">RU\NLR\BIBL_A\012602315</controlfield>
  <controlfield tag="005">20250624082956.0</controlfield>
  <datafield tag="010" ind1=" " ind2=" ">
    <subfield code="9">4000</subfield>
  </datafield>
  <datafield tag="035" ind1=" " ind2=" ">
    <subfield code="a">(NLR Aleph) 012602315</subfield>
  </datafield>
  <datafield tag="090" ind1=" " ind2=" ">
    <subfield code="a">13305476</subfield>
    <subfield code="c">13305476</subfield>
  </datafield>
  <datafield tag="100" ind1=" " ind2=" ">
    <subfield code="a">20210927g19329999|||y0rusy50      ca</subfield>
  </datafield>
  <datafield tag="101" ind1="0" ind2=" ">
    <subfield code="a">tat</subfield>
  </datafield>
  <datafield tag="102" ind1=" " ind2=" ">
    <subfield code="a">RU</subfield>
  </datafield>
  <datafield tag="105" ind1=" " ind2=" ">
    <subfield code="a">y   z   000 y</subfield>
  </datafield>
  <datafield tag="181" ind1=" " ind2="0">
    <subfield code="a">i </subfield>
    <subfield code="b">axxe  </subfield>
  </datafield>
  <datafield tag="182" ind1=" " ind2="0">
    <subfield code="a">n</subfield>
  </datafield>
  <datafield tag="200" ind1="1" ind2=" ">
    <subfield code="a">&#x41F;&#x43E;&#x43B;&#x438;&#x442;&#x44D;&#x43A;&#x43E;&#x43D;&#x43E;&#x43C;&#x438;&#x44F; &#x43F;&#x440;&#x435;&#x434;&#x43C;&#x435;&#x442;&#x44B;</subfield>
    <subfield code="g">[&#x442;&#x4D9;&#x440;&#x497;.: &#x41C;&#x430;&#x43B;&#x438;&#x43A;&#x431;&#x430;&#x435;&#x432; &#x4BB;. &#x431;.]</subfield>
    <subfield code="g">&#x442;&#x4D9;&#x440;&#x497;. &#x440;&#x435;&#x434;.: &#x413;. &#x428;&#x4D9;&#x444;&#x438;&#x435;&#x432;, &#x421;. &#x410;&#x431;&#x430;&#x448;&#x43E;&#x432;]</subfield>
  </datafield>
  <datafield tag="203" ind1=" " ind2=" ">
    <subfield code="a">&#x422;&#x435;&#x43A;&#x441;&#x442;</subfield>
    <subfield code="b">&#x432;&#x438;&#x437;&#x443;&#x430;&#x43B;&#x44C;&#x43D;&#x44B;&#x439;</subfield>
    <subfield code="c">&#x43D;&#x435;&#x43F;&#x43E;&#x441;&#x440;&#x435;&#x434;&#x441;&#x442;&#x432;&#x435;&#x43D;&#x43D;&#x44B;&#x439;</subfield>
  </datafield>
  <datafield tag="210" ind1=" " ind2=" ">
    <subfield code="d">1932</subfield>
    <subfield code="a">&#x411;. &#x43C;.</subfield>
  </datafield>
  <datafield tag="215" ind1=" " ind2=" ">
    <subfield code="a">38,[1] &#x431;.</subfield>
  </datafield>
  <datafield tag="461" ind1=" " ind2="0">
    <subfield code="1">001RU\NLR\BIBL_A\012602301</subfield>
    <subfield code="1">2001#$a&#x427;&#x438;&#x442;&#x442;&#x4D9;&#x43D; &#x442;&#x43E;&#x440;&#x44B;&#x43F; &#x443;&#x43A;&#x443;&#x447;&#x44B;&#x43B;&#x430;&#x440; &#x4E9;&#x447;&#x435;&#x43D; &#x43F;&#x43E;&#x43B;&#x438;&#x442;&#x44D;&#x43A;&#x43E;&#x43D;&#x43E;&#x43C;&#x438;&#x44F; &#x434;&#x4D9;&#x440;&#x435;&#x441;&#x43B;&#x435;&#x433;&#x435;$f&#x422;&#x430;&#x442;&#x430;&#x440; &#x43A;&#x43E;&#x43C;&#x43C;&#x443;&#x43D;&#x438;&#x441;&#x442;&#x43B;&#x430;&#x440; &#x443;&#x43D;&#x438;&#x432;&#x435;&#x440;&#x441;&#x438;&#x442;&#x435;&#x442;&#x44B;&#x43D;&#x44B;&#x4A3; &#x427;&#x438;&#x442;&#x442;&#x4D9;&#x43D; &#x442;&#x43E;&#x440;&#x44B;&#x43F; &#x443;&#x43A;&#x443; &#x441;&#x435;&#x43A;&#x442;&#x43E;&#x440;&#x44B;$v1 &#x43D;&#x447;&#x435; &#x43A;&#x438;&#x441;.</subfield>
  </datafield>
  <datafield tag="852" ind1=" " ind2=" ">
    <subfield code="a">NLR</subfield>
    <subfield code="b">&#x41E;&#x41D;&#x41B;</subfield>
    <subfield code="j">&#x422;&#x430;&#x442;&#x430;&#x440;./2-13060</subfield>
  </datafield>
  <datafield tag="942" ind1=" " ind2=" ">
    <subfield code="c">BOOK</subfield>
  </datafield>
  <datafield tag="980" ind1=" " ind2=" ">
    <subfield code="a">NB</subfield>
  </datafield>
  <datafield tag="995" ind1=" " ind2=" ">
    <subfield code="5">2021-09-27</subfield>
    <subfield code="a">ad</subfield>
    <subfield code="b">NLR01</subfield>
    <subfield code="c">NLR01</subfield>
    <subfield code="e">ONL</subfield>
    <subfield code="f">1-3002673</subfield>
    <subfield code="k">&#x41E;&#x41D;&#x41B; &#x422;&#x430;&#x442;&#x430;&#x440;./2-13060</subfield>
    <subfield code="o">0</subfield>
    <subfield code="r">BOOK</subfield>
    <subfield code="s">_213060</subfield>
  </datafield>
</record>
